OPAC Home

උරග දිවයින (Record no. 10786)

MARC details
000 -LEADER
fixed length control field 00491nam a2200157Ia 4500
008 - FIXED-LENGTH DATA ELEMENTS--GENERAL INFORMATION
fixed length control field 180921t2017 xxu||||| |||| 00| 0 sin d
041 ## - LANGUAGE CODE
Language code of text/sound track or separate title Sinhala; Sinhalese
942 ## - ADDED ENTRY ELEMENTS (KOHA)
Koha item type Books
003 - CONTROL NUMBER IDENTIFIER
control field LK-CoDNM
040 ## - CATALOGING SOURCE
Original cataloging agency LK-CoDNM
Modifying agency LK-CoDNM
Description conventions LK-CoDNM
100 ## - MAIN ENTRY--PERSONAL NAME
Personal name බරෝස්, එඩ්ගා රයිස්
700 ## - ADDED ENTRY--PERSONAL NAME
Personal name තිස්ස හේවාවිස්ස
Relator term පරිවර්තක
245 ## - TITLE STATEMENT
Title උරග දිවයින
260 ## - PUBLICATION, DISTRIBUTION, ETC. (IMPRINT)
Name of publisher, distributor, etc. ගොඩගේ
Place of publication, distribution, etc. කොළඹ
Date of publication, distribution, etc. 2017
300 ## - PHYSICAL DESCRIPTION
Extent සෙ.මි.21, පි.80
Holdings
Withdrawn status Lost status Damaged status Not for loan Collection code Permanent Location Current Location Date acquired Full call number Barcode Koha item type
        Translation Library National Museum Colombo - Sri Lanka Library National Museum Colombo - Sri Lanka 2021-08-03 8-31බරෝස් P42868 Books
Copyright © 2023 Department of National Museum, Colombo 07, Sri Lanka Funded by UNESCO IFAP UNESCO